<?xml version="1.0" encoding="UTF-8"?>
<record
    xmlns:xsi="http://www.w3.org/2001/XMLSchema-instance"
    xsi:schemaLocation="http://www.loc.gov/MARC21/slim http://www.loc.gov/standards/marcxml/schema/MARC21slim.xsd"
    xmlns="http://www.loc.gov/MARC21/slim">

  <leader>01404nam2a22002651  4500</leader>
  <controlfield tag="001">rc\3685387</controlfield>
  <controlfield tag="005">20250610061530.0</controlfield>
  <datafield tag="021" ind1=" " ind2=" ">
    <subfield code="a">RU</subfield>
    <subfield code="b">71-73542</subfield>
  </datafield>
  <datafield tag="021" ind1=" " ind2=" ">
    <subfield code="a">RU</subfield>
    <subfield code="b">&#x420;&#x433;16252-72</subfield>
  </datafield>
  <datafield tag="035" ind1=" " ind2=" ">
    <subfield code="a">(NLR Aleph) 007753801</subfield>
  </datafield>
  <datafield tag="090" ind1=" " ind2=" ">
    <subfield code="a">7291960</subfield>
    <subfield code="c">7291960</subfield>
  </datafield>
  <datafield tag="100" ind1=" " ind2=" ">
    <subfield code="a">20130115d1971    |||y0rusy50      ca</subfield>
  </datafield>
  <datafield tag="101" ind1="0" ind2=" ">
    <subfield code="a">rus</subfield>
  </datafield>
  <datafield tag="102" ind1=" " ind2=" ">
    <subfield code="a">RU</subfield>
  </datafield>
  <datafield tag="105" ind1=" " ind2=" ">
    <subfield code="a">a   c   |||||</subfield>
  </datafield>
  <datafield tag="200" ind1="1" ind2=" ">
    <subfield code="a">&#x41C;&#x435;&#x442;&#x43E;&#x434;&#x438;&#x447;&#x435;&#x441;&#x43A;&#x438;&#x435; &#x443;&#x43A;&#x430;&#x437;&#x430;&#x43D;&#x438;&#x44F; &#x438; &#x434;&#x43E;&#x43F;&#x43E;&#x43B;&#x43D;&#x438;&#x442;&#x435;&#x43B;&#x44C;&#x43D;&#x44B;&#x439; &#x43C;&#x430;&#x442;&#x435;&#x440;&#x438;&#x430;&#x43B; &#x43F;&#x43E; &#x43A;&#x443;&#x440;&#x441;&#x443; "&#x421;&#x438;&#x441;&#x442;&#x435;&#x43C;&#x44B; &#x442;&#x435;&#x440;&#x43C;&#x43E;&#x441;&#x442;&#x430;&#x431;&#x438;&#x43B;&#x438;&#x437;&#x430;&#x446;&#x438;&#x438; &#x420;&#x42D;&#x410;"</subfield>
  </datafield>
  <datafield tag="210" ind1=" " ind2=" ">
    <subfield code="d">1971</subfield>
    <subfield code="a">&#x411;. &#x43C;.</subfield>
  </datafield>
  <datafield tag="215" ind1=" " ind2=" ">
    <subfield code="a">227 &#x441;.</subfield>
    <subfield code="c">&#x438;&#x43B;.</subfield>
  </datafield>
  <datafield tag="320" ind1=" " ind2=" ">
    <subfield code="a">&#x411;&#x438;&#x431;&#x43B;&#x438;&#x43E;&#x433;&#x440;.: &#x441;. 222-224</subfield>
  </datafield>
  <datafield tag="461" ind1=" " ind2="0">
    <subfield code="1">001rc\3685386</subfield>
    <subfield code="1">2001#$a&#x417;&#x430;&#x449;&#x438;&#x442;&#x430; &#x440;&#x430;&#x434;&#x438;&#x43E;&#x44D;&#x43B;&#x435;&#x43A;&#x442;&#x440;&#x43E;&#x43D;&#x43D;&#x43E;&#x439; &#x430;&#x43F;&#x43F;&#x430;&#x440;&#x430;&#x442;&#x443;&#x440;&#x44B; &#x43E;&#x442; &#x442;&#x435;&#x43F;&#x43B;&#x43E;&#x432;&#x44B;&#x445; &#x432;&#x43E;&#x437;&#x434;&#x435;&#x439;&#x441;&#x442;&#x432;&#x438;&#x439;$e&#x427;. 4-$f&#x418;&#x43D;-&#x442; &#x43F;&#x43E;&#x432;&#x44B;&#x448;&#x435;&#x43D;&#x438;&#x44F; &#x43A;&#x432;&#x430;&#x43B;&#x438;&#x444;&#x438;&#x43A;&#x430;&#x446;&#x438;&#x438; &#x440;&#x443;&#x43A;&#x43E;&#x432;&#x43E;&#x434;&#x44F;&#x449;&#x438;&#x445; &#x440;&#x430;&#x431;&#x43E;&#x442;&#x43D;&#x438;&#x43A;&#x43E;&#x432; &#x438; &#x441;&#x43F;&#x435;&#x446;&#x438;&#x430;&#x43B;&#x438;&#x441;&#x442;&#x43E;&#x432;$v&#x427;. 4</subfield>
    <subfield code="1">700#1$a&#x41A;&#x435;&#x439;&#x43C;&#x430;&#x445;$b&#x41C;.&#x42F;.</subfield>
    <subfield code="9">7291954</subfield>
    <subfield code="a">&#x41A;&#x435;&#x439;&#x43C;&#x430;&#x445;, &#x41C;.&#x42F;.</subfield>
    <subfield code="c">&#x41C;&#x43E;&#x441;&#x43A;&#x432;&#x430;</subfield>
    <subfield code="d">1971</subfield>
    <subfield code="f">&#x418;&#x43D;-&#x442; &#x43F;&#x43E;&#x432;&#x44B;&#x448;&#x435;&#x43D;&#x438;&#x44F; &#x43A;&#x432;&#x430;&#x43B;&#x438;&#x444;&#x438;&#x43A;&#x430;&#x446;&#x438;&#x438; &#x440;&#x443;&#x43A;&#x43E;&#x432;&#x43E;&#x434;&#x44F;&#x449;&#x438;&#x445; &#x440;&#x430;&#x431;&#x43E;&#x442;&#x43D;&#x438;&#x43A;&#x43E;&#x432; &#x438; &#x441;&#x43F;&#x435;&#x446;&#x438;&#x430;&#x43B;&#x438;&#x441;&#x442;&#x43E;&#x432;</subfield>
    <subfield code="n">&#x421;&#x43E;&#x432;. &#x440;&#x430;&#x434;&#x438;&#x43E;</subfield>
    <subfield code="o">&#x427;. 4-</subfield>
    <subfield code="t">&#x417;&#x430;&#x449;&#x438;&#x442;&#x430; &#x440;&#x430;&#x434;&#x438;&#x43E;&#x44D;&#x43B;&#x435;&#x43A;&#x442;&#x440;&#x43E;&#x43D;&#x43D;&#x43E;&#x439; &#x430;&#x43F;&#x43F;&#x430;&#x440;&#x430;&#x442;&#x443;&#x440;&#x44B; &#x43E;&#x442; &#x442;&#x435;&#x43F;&#x43B;&#x43E;&#x432;&#x44B;&#x445; &#x432;&#x43E;&#x437;&#x434;&#x435;&#x439;&#x441;&#x442;&#x432;&#x438;&#x439;</subfield>
    <subfield code="v">&#x427;. 4</subfield>
  </datafield>
  <datafield tag="801" ind1=" " ind2="0">
    <subfield code="a">RU</subfield>
    <subfield code="b">NLR</subfield>
    <subfield code="g">psbo</subfield>
  </datafield>
  <datafield tag="801" ind1=" " ind2="1">
    <subfield code="a">RU</subfield>
    <subfield code="b">ELAR</subfield>
    <subfield code="2">rusmarc</subfield>
  </datafield>
  <datafield tag="852" ind1=" " ind2=" ">
    <subfield code="a">NLR</subfield>
    <subfield code="j">72-5/3442</subfield>
  </datafield>
  <datafield tag="942" ind1=" " ind2=" ">
    <subfield code="c">BOOK</subfield>
  </datafield>
  <datafield tag="980" ind1=" " ind2=" ">
    <subfield code="a">NB</subfield>
  </datafield>
  <datafield tag="995" ind1=" " ind2=" ">
    <subfield code="5">2013-10-26</subfield>
    <subfield code="b">NLR01</subfield>
    <subfield code="c">NLR01</subfield>
    <subfield code="e">RF91</subfield>
    <subfield code="f">7753801-10</subfield>
    <subfield code="k">72-5/3442</subfield>
    <subfield code="o">0</subfield>
    <subfield code="r">BOOK</subfield>
    <subfield code="s">7253442_</subfield>
  </datafield>
</record>
